Detalles MARC
| 000 -LEADER |
| fixed length control field |
01952cam a2200397 i 4500 |
| 001 - CONTROL NUMBER |
| control field |
54496 |
| 003 - CONTROL NUMBER IDENTIFIER |
| control field |
Mx-PuUPA |
| 005 - DATE AND TIME OF LATEST TRANSACTION |
| control field |
20220328104554.0 |
| 008 - FIXED-LENGTH DATA ELEMENTS--GENERAL INFORMATION |
| fixed length control field |
140415s1981 sp r 000 0 spa d |
| 020 ## - INTERNATIONAL STANDARD BOOK NUMBER |
| International Standard Book Number |
8434439379 (obra completa) |
| 020 ## - INTERNATIONAL STANDARD BOOK NUMBER |
| International Standard Book Number |
8434439174 (v.1) |
| 020 ## - INTERNATIONAL STANDARD BOOK NUMBER |
| International Standard Book Number |
8434439190 (v.2) |
| 020 ## - INTERNATIONAL STANDARD BOOK NUMBER |
| International Standard Book Number |
8434439212 (v.3) |
| 020 ## - INTERNATIONAL STANDARD BOOK NUMBER |
| International Standard Book Number |
8434439255 (v.4) |
| 020 ## - INTERNATIONAL STANDARD BOOK NUMBER |
| International Standard Book Number |
8434439328 (v.5) |
| 020 ## - INTERNATIONAL STANDARD BOOK NUMBER |
| International Standard Book Number |
8434439441 (v.8) |
| 020 ## - INTERNATIONAL STANDARD BOOK NUMBER |
| International Standard Book Number |
8434439484 (v.9) |
| 040 ## - CATALOGING SOURCE |
| Description conventions |
rda |
| Language of cataloging |
spa |
| Modifying agency |
Mx-PuUPA |
| Original cataloging agency |
Mx-PuUPA |
| Transcribing agency |
Mx-PuUPA |
| 041 1# - LANGUAGE CODE |
| Language code of text/sound track or separate title |
spa |
| Language code of original |
eng |
| 100 1# - MAIN ENTRY--PERSONAL NAME |
| Personal name |
Copleston, Frederick C., |
| Fuller form of name |
(Frederick Charles), |
| Dates associated with a name |
1907-1994 |
| Relator term |
autor |
| 9 (RLIN) |
3566 |
| 240 10 - UNIFORM TITLE |
| Uniform title |
A history of philosophy. |
| Language of a work |
Español |
| 245 10 - TITLE STATEMENT |
| Title |
Historia de la filosofía / |
| Statement of responsibility, etc. |
Frederick Copleston, S. I. |
| 264 #1 - PRODUCTION, PUBLICATION, DISTRIBUTION, MANUFACTURE, AND COPYRIGHT NOTICE |
| Place of production, publication, distribution, manufacture |
Barcelona : |
| Name of producer, publisher, distributor, manufacturer |
Ariel, |
| Date of production, publication, distribution, manufacture, or copyright notice |
[1981-1983] |
| 300 ## - PHYSICAL DESCRIPTION |
| Extent |
7 volúmenes (paginación varía) ; |
| Dimensions |
23 cm. |
| 336 ## - CONTENT TYPE |
| Content type term |
texto |
| Fuente |
rdacontent |
| Content type code |
txt |
| 337 ## - MEDIA TYPE |
| Media type term |
sin medio |
| Source |
rdamedia |
| Media type code |
n |
| 338 ## - CARRIER TYPE |
| Carrier type term |
volumen |
| Source |
rdacarrier |
| Carrier type code |
nc |
| 490 0# - SERIES STATEMENT |
| Series statement |
Colección Convivium ; |
| Volume/sequential designation |
9 |
| 500 ## - GENERAL NOTE |
| General note |
Edición castellana dirigida por Manuel Sacristán. |
| 500 ## - GENERAL NOTE |
| General note |
Colección no completa en Biblioteca |
| 505 8# - FORMATTED CONTENTS NOTE |
| Miscellaneous information |
v.1. |
| Title |
Grecia y Roma / traducción, Juan Manuel García de la Mora. 6a edición / enero. -- |
| Miscellaneous information |
v.2. |
| Title |
De San Agustín a Escoto / traducción, Juan Carlos García Borrón. 5a. edición /junio. -- |
| Miscellaneous information |
v.3. |
| Title |
De Ockham a Suarez / traducción, Juan Carlos García Borrón. 4a. edición / enero. -- |
| Miscellaneous information |
v.4. |
| Title |
De Descastes a Leibniz / traducción, Juan Carlos García Borrón. 5a. edición. -- |
| Miscellaneous information |
v.5. |
| Title |
De Hobbes a Hume / traducción, ana Doménech. 5a. edición / febrero. -- |
| Miscellaneous information |
v.8. |
| Title |
De Bentham a Russell. / traducción, Victoria Camps. 3a. edición. -- |
| Miscellaneous information |
v.9. |
| Title |
De Maine de Biran a Sartre / traducción, José Manuel García de la Mora. 2a edición / julio. |
| 650 #7 - SUBJECT ADDED ENTRY--TOPICAL TERM |
| Topical term or geographic name entry element |
Filosofía |
| General subdivision |
Historia |
| Source of heading or term |
armarc |
| 942 ## - ADDED ENTRY ELEMENTS (KOHA) |
| Source of classification or shelving scheme |
Dewey Decimal Classification |
| Koha item type |
Libro |
| Classification part |
109 |
| Item part |
C78 |